Paris Sister Cities - Statistics

General Stats
  • This quiz has been taken 68 times
    64 since last reset
  • The average score is 39 of 46
Answer Stats
Hint Answer % Correct
Greece Athens
100%
Germany Berlin
96%
China Beijing
94%
Egypt Cairo
94%
Portugal Lisbon
94%
Spain Madrid
94%
Russia Moscow
94%
United Kingdom London
91%
Canada Montreal
91%
Czech Republic Prague
91%
Japan Tokyo
91%
Argentina Buenos Aires
89%
Brazil Rio de Janeiro
89%
Brazil São Paulo
89%
Israel Tel Aviv
89%
Poland Warsaw
89%
Algeria Algiers
87%
Denmark Copenhagen
87%
Mexico Mexico City
87%
United States New York City
87%
Russia Saint Petersburg
87%
Bulgaria Sofia
87%
Australia Sydney
87%
Tunisia Tunis
87%
United States Washington D.C.
87%
Morocco Casablanca
85%
United Arab Emirates Dubai
85%
Indonesia Jakarta
85%
Chile Santiago
85%
South Korea Seoul
85%
Lebanon Beirut
83%
Venezuela Caracas
83%
India Mumbai
83%
United States Chicago
81%
Switzerland Geneva
81%
Japan Kyoto
81%
Morocco Rabat
81%
Albania Tirana
81%
Canada Quebec City
74%
Saudi Arabia Riyadh
74%
Yemen Sana'a
68%
United States San Francisco
68%
Armenia Yerevan
68%
Georgia Tbilisi
66%
Dominican Republic Santo Domingo
57%
Brazil Porto Alegre
55%
No matching quizzes found
Score Distribution
Percent of People with Each Score
Percentile by Number Answered
Your Score History
You have not taken this quiz since the last reset